000 00403nam a22001217a 4500
040 _cRUA
082 _aA255 ឌុំ 2018​C160 Or.1
100 _aឌុំ ដាវុយ
245 _aតើត្រកូលគីម ជាមហាបុរសឬជាមេផ្ដាច់ការ?
260 _aPHNOM PENH
_bRUA
_c2018
300 _a218p.
_bill.
_c22cm.
942 _cអភិវឌ្ឍន៍
999 _c25666
_d25666